Southville International School and Colleges
Your cart is empty.
  • Cart
  • Lists
    Public lists Eva Luna New books Lux_list list_1
    Your lists Log in to create your own lists
  • Log in to your account
  • Your cookies
  • Search history
Southville International School and Colleges
  • Advanced search
  • Recent comments
  • Most popular
  • Libraries

Log in to your account

Log in with GOOGLE


If you do not have an external account, but do have a local account, you can still log in:

  1. Home
  2. MARC view: Writing for TV and radio :
Normal view MARC view ISBD view

Writing for TV and radio : (Record no. 291507)

[ view plain ]
MARC details
000 -LEADER
fixed length control field 00578nam a2200193 a 4500
003 - CONTROL NUMBER IDENTIFIER
control field SISC
005 - DATE AND TIME OF LATEST TRANSACTION
control field 20170126143651.0
008 - FIXED-LENGTH DATA ELEMENTS--GENERAL INFORMATION
fixed length control field 121115s19uu xx 00 eng d
020 ## - INTERNATIONAL STANDARD BOOK NUMBER
International Standard Book Number 9781441195906
050 ## - LIBRARY OF CONGRESS CALL NUMBER
Classification number HE 8689.9
Item number .T256 2016
100 ## - MAIN ENTRY--PERSONAL NAME
Personal name Teddern, Sue.
245 ## - TITLE STATEMENT
Title Writing for TV and radio :
Statement of responsibility, etc a writers' and artists' companion /
Remainder of title Sue Teddern and Nick Warburton.
250 ## - EDITION STATEMENT
Edition statement 1st edition.
260 ## - PUBLICATION, DISTRIBUTION, ETC. (IMPRINT)
Place of publication, distribution, etc New Delhi, India :
Name of publisher, distributor, etc Random Pub,
Date of publication, distribution, etc 2012.
300 ## - PHYSICAL DESCRIPTION
Extent viii, 288 pages ;
Dimensions 20 cm.
500 ## - GENERAL NOTE
General note Includes index.
942 ## - ADDED ENTRY ELEMENTS (KOHA)
Koha item type Books
Source of classification or shelving scheme Library of Congress Classification
Call number prefix Foreign
Holdings
Withdrawn status Lost status Source of classification or shelving scheme Damaged status Home library Current library Shelving location Date acquired Source of acquisition Sub Shelving location Total Checkouts Full call number Barcode Date last seen Price effective from Koha item type
    Library of Congress Classification   College Library College Library Reserve Section 03/09/2016 Library Fund     HE 8689.9 .T256 2016 C20484 05/15/2018 03/09/2016 Books

Writing for TV and radio :

APA

Teddern S., . (2012). Writing for TV and radio. New Delhi, India: Random Pub.

Chicago

Teddern Sue, . 2012. Writing for TV and radio. New Delhi, India: Random Pub.

Harvard

Teddern S., . (2012). Writing for TV and radio. New Delhi, India: Random Pub.

MLA

Teddern Sue, . Writing for TV and radio. New Delhi, India: Random Pub. 2012.

  • Place hold
  • Print
  • Cite
  • Add to your cart (remove)
  • Save record
    BIBTEX Dublin Core MARCXML MARC (non-Unicode/MARC-8) MARC (Unicode/UTF-8) MARC (Unicode/UTF-8, Standard) MODS (XML) RIS
  • More searches
    Search for this title in:
    Other Libraries (WorldCat) Other Databases (Google Scholar) Online Stores (Bookfinder.com) Open Library (openlibrary.org)

Exporting to Dublin Core...

SOUTHVILLE LIBRARY

Southville International School and Colleges Library

1281 Tropical Ave. Cor. Luxembourg St., BF Homes International, Las Pinas City

Tel. No. 8256374 / 252358 Loc. 117/146

Powered by Koha